Χριστού σμύρνα

Αποθηκεύτηκε σε:
Λεπτομέρειες βιβλιογραφικής εγγραφής
Κύριος συγγραφέας: Τίτος, Συλλιγαρδάκης Μητροπολίτης Ρεθύμνου και Αυλοποτάμου
Μορφή: Βιβλίο
Γλώσσα:Greek
Δημοσίευση: Ρέθυμνο : [τυπογραφείο Αθ. Αλτιντζή], 1980.
Θέματα:
Ετικέτες: Προσθήκη ετικέτας
Δεν υπάρχουν, Καταχωρήστε ετικέτα πρώτοι!

MARC

LEADER 00000cam a2200000 i 4500
001 1/120984
008 200221s1980 gr | ||| |||| ||gre||
040 |a GR-MyUa  |b gre  |e AACR2 
041 0 |a gre 
082 7 |a 281.9092  |2 (23) 
100 0 |a Τίτος, Συλλιγαρδάκης   |c Μητροπολίτης Ρεθύμνου και Αυλοποτάμου. 
245 1 0 |a Χριστού σμύρνα /   |c Τίτου Μ. Συλλιγαρδάκη Μητροπολίτου Ρεθύμνης και Αυλοποτάμου.  
260 |a Ρέθυμνο :   |b [τυπογραφείο Αθ. Αλτιντζή],   |c 1980.  
300 |a 566 σ. ;   |c 21 εκ. 
650 0 |a Christian saints  |x Biography. 
650 0 |a Christian biography. 
920 |a Καραμανώλης   |b Μιλτιάδης  |y Σάμος  |z 2020-01 
970 |a Γουβάλα  |b Βάσω  |z 21-02-2020